000 01410 a2200241 4500
003 Nust
005 20220801130817.0
010 _a 2005008601
020 _a0470021756 (cloth : alk. paper)
040 _cNust
082 0 0 _a570.285,KEE
100 1 _aKeedwell, Edward.
_996052
245 1 0 _aIntelligent bioinformatics :
_bthe application of artificial intelligence techniques to bioinformatics problems /
_cEdward Keedwell and Ajit Narayanan.
260 _aHoboken, NJ :
_bWiley,
_cc2005.
300 _aviii, 280 p. :
_bill. ;
_c24 cm.
505 _aIntroduction to the Basics of Molecular Biology (Page-3), Introduction to Problems and Challenges in Bioinformatics (Page-31), Introduction to Artificial Intelligence and Computer Science (Page-65), Probabikustic Approaches (Page-103), Nearest Neighbor and Clustering Approaches (Page-127), Identification (Decision) Trees (Page-147), Neural Networks (Page-173), Genetic Algorithms (Page-195), Genetic Programming (Page-221), Cellular Automata (Page-239), Hybrid Methods (Page-255).
650 0 _aArtificial intelligence
_xBiological applications.
_981263
650 0 _aBioinformatics.
_913954
700 1 _aNarayanan, Ajit,
_d1952-
_996053
856 4 1 _3Publisher description
_uhttp://www.loc.gov/catdir/enhancements/fy0622/2005008601-d.html
856 4 1 _3Table of contents only
_uhttp://www.loc.gov/catdir/toc/ecip0510/2005008601.html
942 _cREF
_2ddc
999 _c178714
_d178714